Temas transversales: hacia una nueva escuela
Furkejuvvon:
| Váldodahkki: | |
|---|---|
| Materiálatiipa: | Girji |
| Giella: | espánnjágiella |
| Almmustuhtton: |
Barcelona
Graó
1998
|
| Preanttus: | 2a. ed |
| Ráidu: | Transversalidad, 106
|
| Fáttát: | |
| Fáddágilkorat: |
Lasit fáddágilkoriid
Eai fáddágilkorat, Lasit vuosttaš fáddágilkora!
|
MARC
| LEADER | 00000nam a2200000 a 4500 | ||
|---|---|---|---|
| 001 | UCO7154 | ||
| 003 | CL-VaPUC | ||
| 008 | 001110e19980000SP |||||||||||||||||spa|d | ||
| 082 | 0 | 4 | |a 370.114 |b YUS |2 21 |
| 100 | 0 | |a Yus Ramos, Rafael |e author |9 451866 | |
| 245 | 1 | 0 | |a Temas transversales: hacia una nueva escuela |
| 250 | |a 2a. ed | ||
| 300 | |a 218 p | ||
| 942 | |c BK | ||
| 945 | |d 20001110 00:00:00 |a vberengu | ||
| 260 | |a Barcelona |b Graó |c 1998 | ||
| 650 | 0 | |a Educación moral |9 308319 | |
| 650 | 0 | |a Valores sociales |9 309627 | |
| 650 | 0 | |a Valores morales |9 310604 | |
| 650 | 0 | |a Comportamiento social |9 334200 | |
| 583 | |a last modification |c 20001110 00:00:00 |k Rodrigo Vera | ||
| 490 | 0 | |a Transversalidad, 106 | |
| 999 | |c 292351 |d 292349 | ||
| 952 | |0 0 |1 0 |4 0 |6 370_114000000000000_YUS_1998 |7 0 |8 A |9 343152 |a BIBEDU |b BIBEDU |d 2019-11-20 |i 3666271 |o 370.114 YUS 1998 |p 3666271 |r 2019-11-20 |w 2019-11-20 |y BK |k EDU | ||
| 952 | |0 0 |1 0 |4 0 |6 370_114000000000000_YUS_1998 |7 0 |8 A |9 343153 |a BIBEDU |b BIBEDU |d 2019-11-20 |i 4493915 |o 370.114 YUS 1998 |p 4493915 |r 2019-11-20 |w 2019-11-20 |y BK |k EBA | ||